00838nam a22002411 450000100060000000300080000600500170001400800390003103500190007003500190008904000380010804100080014608200210015410000340017524500470020926000400025630000360029665100470033265100460037994200120042599900170043795201420045426192BD-RjUL20211209051001.0140320s1950 nyub 000 0 eng a(BD-RjUL)26262 a(OCoLC)1333029 aDLCcFOdOCoLCdDLCdBD-RjULbeng aeng a915.69bETG 19501 aEthridge, Willie Snow.98049610aGoing to Jerusalem /cWillie Snow Ethridge aNew York :bVanguard Press,cc1950. a313 p. :bill., maps. ;c22 cm. 0aPalestinexPolitics and government.971092 0aPalestinexDescription and travel.971043 2ddccBK c26192d26192 00102ddc40728NFICaRUCLbRUCLcReadingd1966-11-08eAH. Quarishig16.80l0o915.69 ETG 1950r2014-03-20 00:00:00tC-1w2014-03-20yBK